[Event "XXIX Miedzynarodowy Festiwal Szachowy CRACOVIA-2018 Grupa A"]
[Site "Krakow, Hotel Galaxy, ul. Gesia 22a"]
[Date "2018.12.29"]
[Round "3.31"]
[White "Kucharska, Honorata"]
[Black "Naboka, Sergey"]
[Result "0-1"]
[WhiteElo "2177"]
[BlackElo "2324"]
[PlyCount "110"]
[EventDate "2018.??.??"]

1. d4 Nf6 2. Bf4 g6 3. Nc3 d5 4. e3 a6 5. h4 Bg7 6. h5 Nxh5 7. Rxh5 gxh5 8.
Qxh5 Be6 9. Nf3 h6 10. O-O-O Nd7 11. Be5 Nxe5 12. dxe5 Qd7 13. e4 c6 14. exd5
cxd5 15. Bc4 Bg4 16. Qh2 Bxf3 17. gxf3 Qf5 18. Nxd5 Bxe5 19. f4 Bd6 20. Ne3
Bxf4 21. Qg2 Qg5 22. Qxb7 Bxe3+ 23. fxe3 Qxe3+ 24. Kb1 O-O 25. Qg2+ Kh8 26. a3
e6 27. Qf1 Qe5 28. Re1 Qg7 29. Qf4 Rfd8 30. c3 a5 31. Ka1 Rac8 32. Ka2 e5 33.
Qe4 f5 34. Qe2 e4 35. Bb3 Rd3 36. Qh5 Qe5 37. Qf7 Rdxc3 38. Rh1 R3c6 39. Be6
R6c7 40. Qxf5 Qxf5 41. Bxf5 Re8 42. Rxh6+ Kg8 43. Rh2 e3 44. Re2 Kg7 45. Bd3
Kf6 46. Kb3 Kg5 47. Ka4 Re5 48. b4 Rd7 49. Bb5 Rd2 50. Re1 axb4 51. axb4 Kf4
52. Rf1+ Ke4 53. Bc4 Kd4 54. Kb3 e2 55. Re1 Re3+ 0-1

[Event "XXIX Miedzynarodowy Festiwal Szachowy CRACOVIA-2018 Grupa A"]
[Site "Krakow, Hotel Galaxy, ul. Gesia 22a"]
[Date "2018.12.29"]
[Round "3.32"]
[White "Zylka, Stanislaw"]
[Black "Brozyna, Mateusz"]
[Result "1-0"]
[WhiteElo "2305"]
[BlackElo "2173"]
[PlyCount "101"]
[EventDate "2018.??.??"]

1. d4 Nf6 2. c4 g6 3. g3 Bg7 4. Bg2 O-O 5. Nf3 d6 6. O-O Nc6 7. Nc3 Bf5 8. d5
Na5 9. Nd4 Bd7 10. b3 c5 11. dxc6 Nxc6 12. Nc2 Qa5 13. Bb2 Qh5 14. Ne3 Ng4 15.
Nxg4 Bxg4 16. Qd2 Rab8 17. Rfe1 Bh3 18. Bh1 Rfe8 19. Nd5 Bxb2 20. Qxb2 Qe5 21.
Qd2 Be6 22. Rad1 Qg7 23. Bg2 Rec8 24. e4 a6 25. Nb6 Rd8 26. h3 Qe5 27. b4 Qh5
28. g4 Qh4 29. f4 Bd7 30. b5 Na7 31. a4 Nc8 32. Nxd7 Rxd7 33. e5 Rc7 34. Qd4
axb5 35. axb5 Ra8 36. Ra1 Rxa1 37. Rxa1 b6 38. exd6 exd6 39. Ra8 Qe1+ 40. Kh2
Qc1 41. Bb7 Qc2+ 42. Kg3 Qb3+ 43. Kh4 h6 44. Bxc8 g5+ 45. fxg5 hxg5+ 46. Kxg5
f6+ 47. Kf4 Kg7 48. Be6 Qxh3 49. Rg8+ Kh7 50. Qe4+ Kh6 51. Qg6# 1-0

[Event "XXIX Miedzynarodowy Festiwal Szachowy CRACOVIA-2018 Grupa A"]
[Site "Krakow, Hotel Galaxy, ul. Gesia 22a"]
[Date "2018.12.29"]
[Round "3.39"]
[White "Luba, Lukasz"]
[Black "Czerw, Dawid"]
[Result "0-1"]
[WhiteElo "2135"]
[BlackElo "2275"]
[PlyCount "110"]
[EventDate "2018.??.??"]

1. a3 g6 2. d4 Bg7 3. f4 f5 4. Nf3 Nf6 5. e3 O-O 6. c4 b6 7. Nc3 Bb7 8. Bd3 e6
9. b4 Qe7 10. Bb2 c5 11. b5 d6 12. Be2 Nbd7 13. O-O e5 14. fxe5 dxe5 15. d5 Bh6
16. Bc1 e4 17. Ne1 Ne5 18. g3 Ne8 19. Ng2 Nd6 20. Qb3 Bc8 21. a4 a5 22. Bd2 g5
23. Rad1 Bd7 24. Nb1 Be8 25. Bc3 Bg7 26. Nd2 Bg6 27. Qc2 Ra7 28. Nb3 Qe8 29.
Bxa5 Rxa5 30. Nxa5 bxa5 31. Rb1 Bh5 32. Rfc1 Bxe2 33. Qxe2 Nd3 34. Rc2 Nb4 35.
Rcc1 Qg6 36. Rb3 Nd3 37. Rxd3 exd3 38. Qxd3 Qf6 39. Qa3 Ne4 40. Rf1 Qe5 41. Qd3
Nd6 42. Qe2 Qe4 43. h4 Qxc4 44. Qxc4 Nxc4 45. hxg5 Nb6 46. Nf4 Rd8 47. g4 fxg4
48. e4 c4 49. Ne6 Rc8 50. Nxg7 Kxg7 51. d6 c3 52. Kg2 c2 53. Rc1 Kg6 54. e5 Kf5
55. Kg3 Rc3+ 0-1

[Event "XXIX Miedzynarodowy Festiwal Szachowy CRACOVIA-2018 Grupa A"]
[Site "Krakow, Hotel Galaxy, ul. Gesia 22a"]
[Date "2018.12.29"]
[Round "3.41"]
[White "Om, Kharola"]
[Black "Piotrowski, Przemyslaw"]
[Result "0-1"]
[Annotator "Leszek"]
[PlyCount "62"]
[EventDate "2018.??.??"]

{[BlackTitle "k+"] [WhiteElo "2080"] [BlackElo "2269"]} 1. e4 c5 2. Nf3 Nc6 3.
d4 cxd4 4. Nxd4 Nf6 5. Nc3 d6 6. Bc4 e6 7. Be3 a6 8. Bb3 Na5 9. f4 b5 10. f5 e5
11. Nf3 Nxb3 12. axb3 h6 13. Bf2 Qc7 14. O-O Bb7 15. Re1 Be7 16. Nd5 Bxd5 17.
exd5 O-O 18. h3 Rfc8 19. Rc1 Qd7 20. g4 Qb7 21. c4 bxc4 22. bxc4 Qxb2 23. Qa4
Nxd5 24. Rc2 Qb4 25. Qa2 Nc3 26. Qa1 Rxc4 27. Rec1 Rac8 28. Be1 Ne2+ 29. Kf1
Ng3+ 30. Kg1 Qc5+ 31. Bf2 Rxc2 0-1

[Event "XXIX Miedzynarodowy Festiwal Szachowy CRACOVIA-2018 Grupa A"]
[Site "Krakow, Hotel Galaxy, ul. Gesia 22a"]
[Date "2018.12.29"]
[Round "3.43"]
[White "Golenia, Jan"]
[Black "Jaroch, Karol"]
[Result "0-1"]
[WhiteElo "2059"]
[BlackElo "2259"]
[Annotator "Leszek"]
[PlyCount "62"]
[EventDate "2018.??.??"]

1. Nf3 e6 2. d4 Nf6 3. Bf4 b6 4. e3 Bb7 5. Nbd2 Be7 6. h3 O-O 7. Bd3 d5 8. c3
Ne4 9. Qc2 f5 10. Ne5 c5 11. Ndf3 c4 12. Be2 b5 13. a3 a5 14. O-O Nc6 15. Nxc6
Bxc6 16. Ne5 Be8 17. b4 cxb3 18. Qxb3 Nd2 19. Qb2 Nxf1 20. Bxf1 Rb8 21. Nd3 Rc8
22. Ne5 Rb8 23. Nd3 Rb6 24. Rb1 Qc8 25. Be5 Bd7 26. Nc5 Bc6 27. c4 dxc4 28.
Bxc4 Bxc5 29. dxc5 Rb7 30. Be2 b4 31. Bd6 b3 {Zapis nieczytelny} 0-1

[Event "XXIX Miedzynarodowy Festiwal Szachowy CRACOVIA-2018 Grupa A"]
[Site "Krakow, Hotel Galaxy, ul. Gesia 22a"]
[Date "2018.12.29"]
[Round "3.46"]
[White "Lukasiewicz, Krzysztof"]
[Black "Meers, Hubert"]
[Result "1-0"]
[WhiteElo "2223"]
[BlackElo "2009"]
[PlyCount "101"]
[EventDate "2018.??.??"]

1. d4 Nf6 2. Bf4 g6 3. Nc3 d5 4. e3 Bg7 5. h4 c6 6. Be2 Qb6 7. Rb1 Nbd7 8. Nf3
O-O 9. Ne5 Nxe5 10. Bxe5 Ne4 11. Bxg7 Kxg7 12. Nxe4 dxe4 13. Qd2 Rd8 14. c4 e5
15. Rd1 Be6 16. Qc3 exd4 17. exd4 f6 18. h5 Rd7 19. hxg6 hxg6 20. Qe3 Qb4+ 21.
Rd2 Rg8 22. a3 Qe7 23. Kf1 f5 24. d5 cxd5 25. cxd5 Bxd5 26. Qd4+ Kf8 27. Qxa7
e3 28. Rd3 exf2 29. Kxf2 Qe4 30. Qc5+ Re7 31. Bf1 Bc6 32. Rh7 Ke8 33. Rxe7+
Qxe7 34. Re3 Be4 35. Qxe7+ Kxe7 36. Bd3 Rf8 37. Bxe4 fxe4+ 38. Kg3 Kf6 39. Rxe4
Rd8 40. Rb4 Rd7 41. Kf4 Rc7 42. b3 g5+ 43. Kg4 Rc2 44. g3 Rc7 45. Rb6+ Ke5 46.
Rb5+ Ke4 47. Rxg5 Rf7 48. a4 Re7 49. Rg6 Re5 50. Rg7 b5 51. Rg5 1-0

[Event "XXIX Miedzynarodowy Festiwal Szachowy CRACOVIA-2018 Grupa A"]
[Site "Krakow, Hotel Galaxy, ul. Gesia 22a"]
[Date "2018.12.29"]
[Round "3.47"]
[White "Malicka, Maria"]
[Black "Jaskolka, Tomasz"]
[Result "1/2-1/2"]
[WhiteElo "2013"]
[BlackElo "2222"]
[Annotator "Leszek"]
[PlyCount "105"]
[EventDate "2018.??.??"]

1. e4 d6 2. d4 Nf6 3. Nc3 Nbd7 4. f4 e5 5. Nf3 exd4 6. Qxd4 c6 7. Be3 d5 8. e5
Ng4 9. Bg1 Bc5 10. Qd2 Bxg1 11. Rxg1 Qb6 12. Na4 Qe3+ 13. Qxe3 Nxe3 14. Bd3 b5
15. Ke2 Nc4 16. Bxc4 dxc4 17. Nc3 Nc5 18. Ke3 Bd7 19. Ne4 Nxe4 20. Kxe4 Be6 21.
Rad1 Bd5+ 22. Kd4 O-O-O 23. Kc5 Kc7 24. b3 a5 25. bxc4 bxc4 26. Nd2 Rb8 27. Rb1
c3 28. Nc4 Be4 29. Rxb8 Rxb8 30. Kd4 Bxc2 31. Kxc3 Be4 32. Ne3 Rd8 33. Nc4 Rd3+
34. Kb2 Bd5 35. Nxa5 Rd2+ 36. Kc3 Rxa2 37. Nc4 Ra4 38. Nd6 Rxf4 39. Ne8+ Kd7
40. Nxg7 Rg4 41. Nh5 Rxg2 42. Rxg2 Bxg2 43. Nf4 Bf3 44. Kd4 Bh1 45. Kc5 Ke7 46.
Kd4 Bf3 47. Ke3 Bd1 48. Kd4 Bc2 49. Kc5 Be4 50. Kc4 Bf3 51. Kd4 c5+ 52. Kxc5 f6
53. Kd4 {Zapis nieczytelny} 1/2-1/2

[Event "XXIX Miedzynarodowy Festiwal Szachowy CRACOVIA-2018 Grupa A"]
[Site "Krakow, Hotel Galaxy, ul. Gesia 22a"]
[Date "2018.12.29"]
[Round "3.48"]
[White "Kaczmarska, Joanna"]
[Black "Kasperek, Ryszard"]
[Result "1-0"]
[WhiteElo "1980"]
[BlackElo "2212"]
[Annotator "Leszek"]
[PlyCount "30"]
[EventDate "2018.??.??"]

1. d4 Nf6 2. c4 e6 3. Nc3 c5 4. d5 exd5 5. cxd5 d6 6. e4 g6 7. g3 Bg7 8. Bg2
O-O 9. Nf3 Re8 10. Nd2 a6 11. a4 Nbd7 12. O-O Rb8 13. Nc4 Ne5 14. Na3 Nh5 15.
f4 Ng4 {Zapis nieczytelny} 1-0

[Event "XXIX Miedzynarodowy Festiwal Szachowy CRACOVIA-2018 Grupa A"]
[Site "Krakow, Hotel Galaxy, ul. Gesia 22a"]
[Date "2018.12.29"]
[Round "3.49"]
[White "Mahitosh, Dey"]
[Black "Wojciechowski, Piotr"]
[Result "1-0"]
[Annotator "Leszek"]
[PlyCount "60"]
[EventDate "2018.??.??"]

{[BlackTitle "m"] [WhiteElo "1931"] [BlackElo "2210"]} 1. e4 c5 2. Nf3 e6 3. d4
cxd4 4. Nxd4 Nc6 5. Nc3 Qc7 6. Be3 a6 7. Bd3 Nf6 8. O-O Bd6 9. h3 h5 10. Nxc6
dxc6 11. f4 e5 12. f5 b5 13. Qf3 h4 14. a4 b4 15. Nd1 a5 16. b3 Nh5 17. Nb2 Ng3
18. Rf2 Qe7 19. Nc4 Bc7 20. Rd1 f6 21. Rfd2 Ba6 22. Be2 Nxe2+ 23. Qxe2 Qf7 24.
Bc5 Bxc4 25. bxc4 Rd8 26. Rxd8+ Bxd8 27. Qf3 Bc7 28. Bd6 Qd7 29. c5 Bd8 30. Qd3
Bc7 {Zapis nieczytelny} 1-0

[Event "XXIX Miedzynarodowy Festiwal Szachowy CRACOVIA-2018 Grupa A"]
[Site "Krakow, Hotel Galaxy, ul. Gesia 22a"]
[Date "2018.12.29"]
[Round "3.51"]
[White "Licznerski, Lukasz"]
[Black "Swiech, Joanna"]
[Result "1-0"]
[WhiteElo "2326"]
[BlackElo "1965"]
[PlyCount "93"]
[EventDate "2018.??.??"]

1. e4 e5 2. Nf3 Nc6 3. Bb5 a6 4. Ba4 Be7 5. O-O Nf6 6. Re1 b5 7. Bb3 d6 8. c3
O-O 9. h3 Na5 10. Bc2 c5 11. d4 Qc7 12. Nbd2 Bd7 13. Nf1 Rac8 14. Ne3 Rfe8 15.
a4 Bf8 16. Bd2 c4 17. Nf1 h6 18. Ng3 Nc6 19. Qc1 Rb8 20. d5 Na5 21. Nh4 bxa4
22. Bxa4 Bxa4 23. Rxa4 Nb3 24. Qc2 a5 25. Be3 Rec8 26. Qe2 Nd7 27. Nf1 Rb7 28.
Nf3 Nbc5 29. Bxc5 Qxc5 30. Rea1 Rb5 31. Ne3 Nb6 32. R4a2 a4 33. Ne1 Be7 34. Nf5
Bf8 35. h4 g6 36. Ne3 h5 37. g4 hxg4 38. Qxg4 Kh7 39. h5 Bh6 40. hxg6+ fxg6 41.
Qh4 Qc7 42. Ng4 Qg7 43. Nf3 g5 44. Qh3 Rh8 45. Kg2 Qg6 46. Rh1 Kg7 47. Rh2 1-0

[Event "XXIX Miedzynarodowy Festiwal Szachowy CRACOVIA-2018 Grupa A"]
[Site "Krakow, Hotel Galaxy, ul. Gesia 22a"]
[Date "2018.12.29"]
[Round "3.55"]
[White "Tomaszewski, Roman"]
[Black "Pawlowski, Bartosz"]
[Result "1/2-1/2"]
[WhiteElo "2216"]
[BlackElo "2101"]
[PlyCount "34"]
[EventDate "2018.??.??"]

1. d4 Nf6 2. c4 e6 3. Nf3 b6 4. a3 Bb7 5. Nc3 Ne4 6. Nxe4 Bxe4 7. Bf4 Bxf3 8.
exf3 Bd6 9. Bxd6 cxd6 10. b4 Nc6 11. d5 Ne7 12. Bd3 e5 13. Qb1 Ng6 14. g3 Qf6
15. Be4 Rc8 16. O-O h5 17. h4 Ne7 1/2-1/2

[Event "XXIX Miedzynarodowy Festiwal Szachowy CRACOVIA-2018 Grupa A"]
[Site "Krakow, Hotel Galaxy, ul. Gesia 22a"]
[Date "2018.12.29"]
[Round "3.56"]
[White "Antolak, Julia"]
[Black "Gokhale, Anupama"]
[Result "0-1"]
[WhiteElo "2183"]
[BlackElo "2009"]
[PlyCount "130"]
[EventDate "2018.??.??"]

1. e4 c6 2. d4 d5 3. Nc3 dxe4 4. Nxe4 Bf5 5. Ng3 Bg6 6. h4 h6 7. Nf3 Nd7 8. h5
Bh7 9. Bd3 Bxd3 10. Qxd3 e6 11. Bd2 Ngf6 12. O-O-O Be7 13. Kb1 O-O 14. Ne4 Nxe4
15. Qxe4 Nf6 16. Qe2 Qd5 17. Be3 Bd6 18. Nh4 b5 19. g4 Qc4 20. Qd2 Ne4 21. Qc1
b4 22. Ka1 Rfb8 23. Rd3 Nc3 24. b3 Qa6 25. Qb2 Rb5 26. a4 Ra5 27. Rxc3 bxc3 28.
Qxc3 Rb8 29. Kb1 Rxa4 30. Bc1 Bb4 31. Qb2 Ba3 32. Qc3 Bxc1 33. Rxc1 Qe2 34. Nf3
Rc4 35. Qe3 Qxe3 36. fxe3 Rc3 37. Re1 c5 38. Kb2 cxd4 39. Nxd4 Rbc8 40. Re2 a6
41. Nf3 Kf8 42. Ne5 R3c7 43. c4 Ke7 44. Kc3 Kd6 45. Nd3 a5 46. Ra2 Ra7 47. e4
e5 48. Ra1 f6 49. Ra2 Kc6 50. Ra1 Kb6 51. Rb1 Rac7 52. Rb2 Rd8 53. b4 Rd4 54.
bxa5+ Ka7 55. c5 Rxe4 56. Rb5 Ka6 57. Rb8 Kxa5 58. Kb3 Ka6 59. Nb4+ Ka7 60. Rb5
Rb7 61. Ra5+ Kb8 62. Ra4 Rxg4 63. Kc3 Rbxb4 64. Rxb4+ Rxb4 65. Kxb4 Kc7 0-1

[Event "XXIX Miedzynarodowy Festiwal Szachowy CRACOVIA-2018 Grupa A"]
[Site "Krakow, Hotel Galaxy, ul. Gesia 22a"]
[Date "2018.12.29"]
[Round "3.57"]
[White "Toma, Katarzyna"]
[Black "Musial, Tomasz"]
[Result "1/2-1/2"]
[WhiteElo "2173"]
[BlackElo "1995"]
[PlyCount "119"]
[EventDate "2018.??.??"]

1. e4 e6 2. d4 d5 3. Nc3 Nf6 4. e5 Nfd7 5. f4 c5 6. Nf3 Nc6 7. Be3 cxd4 8. Nxd4
Bc5 9. Qd2 O-O 10. O-O-O a6 11. Qf2 Bxd4 12. Bxd4 b5 13. Bd3 b4 14. Na4 Nxd4
15. Qxd4 a5 16. Rhf1 Qc7 17. Rf3 Ba6 18. Rh3 g6 19. Qf2 Rfc8 20. Kb1 Bxd3 21.
Rdxd3 Ra6 22. Rd2 Rc6 23. g4 Rc4 24. b3 Re4 25. Re3 Rxe3 26. Qxe3 Nc5 27. Nxc5
Qxc5 28. Qxc5 Rxc5 29. Rd3 Kg7 30. Kc1 f6 31. exf6+ Kxf6 32. Re3 h6 33. h4 h5
34. gxh5 gxh5 35. Re5 Rc3 36. Rxh5 Rf3 37. Rh8 Kg7 38. Ra8 Rxf4 39. Rxa5 Rxh4
40. a4 bxa3 41. Rxa3 Kf6 42. Kd2 e5 43. Ra5 d4 44. b4 Rh2+ 45. Kd3 Kf5 46. b5
Rh3+ 47. Kd2 Rh1 48. Kd3 Rh3+ 49. Kd2 Rh1 50. Ra8 Rb1 51. Rb8 Ke4 52. b6 Kd5
53. b7 Kc6 54. Re8 Rxb7 55. Rxe5 Rh7 56. Kd3 Rh2 57. Ra5 Kd6 58. Rb5 Rg2 59.
Rb4 Ke5 60. Rb5+ 1/2-1/2

[Event "XXIX Miedzynarodowy Festiwal Szachowy CRACOVIA-2018 Grupa A"]
[Site "Krakow, Hotel Galaxy, ul. Gesia 22a"]
[Date "2018.12.29"]
[Round "3.58"]
[White "Den Boer, Lennard"]
[Black "Moscicka, Pola"]
[Result "0-1"]
[Annotator "Leszek"]
[PlyCount "112"]
[EventDate "2018.??.??"]

{[BlackTitle "k+"] [WhiteElo "2173"] [BlackElo "1950"]} 1. e4 c5 2. c3 d5 3.
exd5 Qxd5 4. d4 Nc6 5. Nf3 Bg4 6. dxc5 Qxd1+ 7. Kxd1 O-O-O+ 8. Ke1 Nf6 9. Be2
e6 10. b4 Bxf3 11. gxf3 g6 12. a3 Bg7 13. Ra2 Nd5 14. Rc2 Rd7 15. b5 Na5 16. c4
Ne7 17. Be3 Nf5 18. Nd2 Rhd8 19. Ne4 Rc7 20. b6 axb6 21. cxb6 Rcd7 22. Bg5 Nd4
23. Rd2 f6 24. Nxf6 Bxf6 25. Bxf6 Nxf3+ 26. Bxf3 Rxd2 27. Bxd8 Rxd8 28. c5 Rd3
29. Ke2 Rc3 30. Rd1 Rxc5 31. Rd6 Nc6 32. Ke3 Rc3+ 33. Kf4 g5+ 34. Ke4 Rxa3 35.
Bg4 Ra4+ 36. Ke3 Rxg4 37. Rxe6 Rb4 38. Rh6 Rxb6 39. Rxh7 Rb4 40. Rg7 g4 41. f4
gxf3 42. Kxf3 Nd4+ 43. Kg2 Rb2+ 44. Kh3 Nf3 45. Kg3 Nxh2 46. Rf7 b5 47. Rh7 b4
48. Kf4 b3 49. Ke3 Rg2 50. Rh5 Kc7 51. Kd3 Rg3+ 52. Kc4 Nf1 53. Rh7+ Kb6 54.
Rh6+ Ka5 55. Rh5+ Ka4 56. Rd5 Ne3+ 0-1

[Event "XXIX Miedzynarodowy Festiwal Szachowy CRACOVIA-2018 Grupa A"]
[Site "Krakow, Hotel Galaxy, ul. Gesia 22a"]
[Date "2018.12.29"]
[Round "3.64"]
[White "Rasmussen, Jonas H"]
[Black "Englert, Jan"]
[Result "1/2-1/2"]
[Annotator "Leszek"]
[PlyCount "101"]
[EventDate "2018.??.??"]

{[BlackTitle ""] [WhiteElo "1982"] [BlackElo "2106"]} 1. d4 d6 2. Nf3 Bg4 3. g3
Bxf3 4. exf3 e6 5. Bg2 d5 6. O-O Be7 7. f4 Nf6 8. c4 O-O 9. Nc3 c6 10. f5 exf5
11. cxd5 Nxd5 12. Nxd5 cxd5 13. Qb3 Qd7 14. Qxd5 Qxd5 15. Bxd5 Nc6 16. Bxc6
bxc6 17. Be3 Bf6 18. Rac1 Rac8 19. Rc5 Rfd8 20. Rfc1 Bxd4 21. Bxd4 Rxd4 22.
Rxc6 Rxc6 23. Rxc6 g6 24. Ra6 Rd7 25. Kg2 Kf8 26. b4 Rb7 27. a3 Ke8 28. Kf3 Re7
29. b5 Rb7 30. a4 Re7 31. Kf4 Kf8 32. a5 Re4+ 33. Kf3 Rb4 34. Rxa7 Rxb5 35. a6
Ra5 36. h4 Kg7 37. Kg2 Ra2 38. Ra8 h6 39. a7 h5 40. Kf3 Ra4 41. Ke3 Kf6 42. Kd3
Kg7 43. Kc3 Ra1 44. Kd4 Rd1+ 45. Kc5 Rc1+ 46. Kb4 Rb1+ 47. Kc4 Rc1+ 48. Kb3 Ra1
49. Kc2 Ra4 50. Kb2 Ra6 51. Kb3 1/2-1/2

[Event "XXIX Miedzynarodowy Festiwal Szachowy CRACOVIA-2018 Grupa A"]
[Site "Krakow, Hotel Galaxy, ul. Gesia 22a"]
[Date "2018.12.29"]
[Round "3.66"]
[White "Jijo, Joy"]
[Black "Patil, Mitali"]
[Result "1-0"]
[Annotator "Leszek"]
[PlyCount "111"]
[EventDate "2018.??.??"]

{[BlackTitle "WFM"] [WhiteElo "1940"] [BlackElo "2081"]} 1. e4 e5 2. Nf3 Nc6 3.
Nc3 Nf6 4. d4 exd4 5. Nxd4 Bb4 6. Nxc6 bxc6 7. Bd3 d5 8. exd5 cxd5 9. O-O O-O
10. h3 Rb8 11. Qf3 Be6 12. Bg5 Be7 13. b3 c5 14. Rad1 d4 15. Ne4 Nd7 16. Qh5 g6
17. Bxe7 Qxe7 18. Qg5 f6 19. Qg3 Ne5 20. f4 Nxd3 21. cxd3 Bf5 22. Rde1 Rfe8 23.
Rf2 Bxe4 24. Rxe4 Qd7 25. Rfe2 Rxe4 26. Rxe4 Re8 27. Qe1 Kf7 28. Rxe8 Qxe8 29.
Qxe8+ Kxe8 30. Kf2 f5 31. h4 Ke7 32. g3 Kf6 33. Ke2 h6 34. Kd2 g5 35. h5 gxf4
36. gxf4 Ke6 37. Kc2 Kd6 38. a3 a6 39. Kb2 Kc6 40. b4 cxb4 41. axb4 Kb6 42. Ka2
Kc6 43. Ka3 Kc7 44. Kb3 Kc6 45. Kc4 Kb6 46. Kxd4 Kb5 47. Kc3 Kc6 48. Kc4 Kd6
49. d4 Kc6 50. d5+ Kb6 51. Kd4 Kb5 52. Ke5 Kxb4 53. d6 a5 54. d7 a4 55. d8=Q a3
56. Qd5 1-0

[Event "XXIX Miedzynarodowy Festiwal Szachowy CRACOVIA-2018 Grupa A"]
[Site "Krakow, Hotel Galaxy, ul. Gesia 22a"]
[Date "2018.12.29"]
[Round "3.67"]
[White "Domanski, Lukasz"]
[Black "Hemmerling, Jaroslaw"]
[Result "1-0"]
[WhiteElo "2069"]
[BlackElo "1940"]
[PlyCount "58"]
[EventDate "2018.??.??"]

1. e4 e6 2. d4 d5 3. exd5 exd5 4. Nf3 Bd6 5. c4 Bb4+ 6. Nc3 Nf6 7. Bd3 O-O 8.
O-O dxc4 9. Bxc4 Bg4 10. Qb3 Bxc3 11. bxc3 Bxf3 12. gxf3 Qc8 13. Ba3 b6 14.
Bxf8 Qxf8 15. Rae1 Nc6 16. Qb5 Qd6 17. Re3 Na5 18. Bd3 Nc6 19. Rfe1 a6 20. Qg5
b5 21. Be4 Rd8 22. Kh1 Na5 23. Bd3 Nc6 24. Bc2 h6 25. Qh4 Nb8 26. Bb3 Nc6 27.
Rg1 Nd5 28. Bxd5 Qxd5 29. Qxh6 g6 1-0

[Event "XXIX Miedzynarodowy Festiwal Szachowy CRACOVIA-2018 Grupa A"]
[Site "Krakow, Hotel Galaxy, ul. Gesia 22a"]
[Date "2018.12.29"]
[Round "3.70"]
[White "Shyam, Prasad Reddy K"]
[Black "Hetzer, Volkhard"]
[Result "1-0"]
[Annotator "Leszek"]
[PlyCount "64"]
[EventDate "2018.??.??"]

{[BlackTitle ""] [WhiteElo "2030"] [BlackElo "1916"]} 1. e4 e5 2. Nf3 Nc6 3.
Bb5 Nf6 4. O-O Nxe4 5. Re1 Nd6 6. Nxe5 Be7 7. Bd3 Nxe5 8. Rxe5 O-O 9. Re3 g6
10. Nc3 Bf6 11. b3 Ne8 12. Ba3 d6 13. Qf3 Bg7 14. Rae1 Nf6 15. h3 Rb8 16. Ne4
Nxe4 17. Bxe4 Qf6 18. Qe2 Be6 19. Bb4 Rbd8 20. Bc3 Qg5 21. Bxg7 Kxg7 22. d4 d5
23. Bd3 c6 24. Re5 Qf4 25. c3 Rc8 26. b4 b6 27. Qb2 Kg8 28. R1e3 Rcd8 $11 29.
Rf3 Qh4 30. Qe2 Kg7 31. Rxe6 fxe6 32. Qe5+ Kh6 {Zapis nieczytelny} 1-0

[Event "XXIX Miedzynarodowy Festiwal Szachowy CRACOVIA-2018 Grupa A"]
[Site "Krakow, Hotel Galaxy, ul. Gesia 22a"]
[Date "2018.12.29"]
[Round "4.7"]
[White "Lee, Qing Aun"]
[Black "Hnydiuk, Aleksander"]
[Result "1/2-1/2"]
[BlackElo "2409"]
[WhiteElo "2297"]
[LiveChessVersion "1.4.8"]

1. e4 {[%clk 1:30:56]} Nf6 {[%clk 1:28:14]} 2. e5 {[%clk 1:30:15]} Nd5
{[%clk 1:28:36]} 3. c4 {[%clk 1:30:38]} Nb6 {[%clk 1:29:02]} 4. d4
{[%clk 1:30:58]} d6 {[%clk 1:29:27]} 5. exd6 {[%clk 1:31:11]} exd6
{[%clk 1:29:37]} 6. Nc3 {[%clk 1:31:21]} Be7 {[%clk 1:28:38]} 7. Bd3
{[%clk 1:31:36]} Nc6 {[%clk 1:18:46]} 8. Be3 {[%clk 1:31:27]} O-O
{[%clk 1:17:00]} 9. Nge2 {[%clk 1:31:25]} Bg4 {[%clk 1:10:50]} 10. O-O
{[%clk 1:29:33]} Nb4 {[%clk 0:58:36]} 11. b3 {[%clk 1:29:48]} Qd7
{[%clk 0:56:45]} 12. Bb1 {[%clk 1:25:55]} Bf5 {[%clk 0:49:00]} 13. a3
{[%clk 1:13:34]} Nc6 {[%clk 0:47:17]} 14. Bxf5 {[%clk 1:07:34]} Qxf5
{[%clk 0:47:44]} 15. Ng3 {[%clk 1:07:50]} Qd7 {[%clk 0:43:19]} 16. d5
{[%clk 1:05:28]} Ne5 {[%clk 0:42:55]} 17. f4 {[%clk 1:05:41]} Ng4
{[%clk 0:41:57]} 18. Bd4 {[%clk 1:06:03]} c5 {[%clk 0:28:02]} 19. dxc6
{[%clk 0:57:46]} bxc6 {[%clk 0:28:28]} 20. f5 {[%clk 0:56:27]} Nf6
{[%clk 0:25:36]} 21. Nce4 {[%clk 0:56:16]} Nxe4 {[%clk 0:22:48]} 22. Nxe4
{[%clk 0:56:45]} f6 {[%clk 0:23:06]} 23. a4 {[%clk 0:53:41]} d5 {[%clk 0:18:27]}
24. Nc5 {[%clk 0:53:31]} Bxc5 {[%clk 0:18:51]} 25. Bxc5 {[%clk 0:53:53]} Rfe8
{[%clk 0:17:30]} 26. a5 {[%clk 0:50:42]} Nc8 {[%clk 0:17:55]} 27. Qd3
{[%clk 0:49:50]} Nd6 {[%clk 0:11:40]} 28. cxd5 {[%clk 0:39:19]} Ne4
{[%clk 0:12:02]} 29. d6 {[%clk 0:38:11]} Nxc5 {[%clk 0:10:57]} 30. Qc4+
{[%clk 0:38:39]} Ne6 {[%clk 0:05:11]} 31. fxe6 {[%clk 0:36:18]} Qxd6
{[%clk 0:05:11]} 32. Rfe1 {[%clk 0:36:12]} Qd5 {[%clk 0:04:41]} 1/2-1/2